000 00430nam a2200181Ia 4500
005 20240823041824.0
008 240823s9999||||xx |||||||||||||| ||und||
041 _aENGLISH
082 _A828.08 M9
100 _aBalarama Gupta G S
245 0 _aLinks Indian Prose in English
250 _a1st
260 _c1990
_bMacmillan India Li
500 _aTRANSFERED
650 _aEnglish
_bEnglish
942 _cBK
999 _c206417
_d206417